Daň z príjmov v obchodnej spoločnosti, jej účtovanie a vplyv na výsledok hospodárenia diplomová práca

Salvato in:
Dettagli Bibliografici
Autore principale: Matúšková, Miroslava
Ente Autore: Fakulta hospodárskej informatiky EU. Katedra účtovníctva a audítorstva
Altri autori: Kastlerová, Sylvia
Natura: Libro
Lingua:slovacco
Pubblicazione: Bratislava 2009
Tags: Aggiungi Tag
Nessun Tag, puoi essere il primo ad aggiungerne!!

MARC

LEADER 00000nam$a2200000$$$4500
001 0100984
005 20240318134620.2
041 0 |a slo 
044 |a SK 
245 1 0 |a Daň z príjmov v obchodnej spoločnosti, jej účtovanie a vplyv na výsledok hospodárenia  |b diplomová práca  |c Miroslava Matúšková ; škol. Sylvia Kastlerová 
264 1 |a Bratislava  |c 2009 
300 |a 61 s. 
100 1 |a Matúšková, Miroslava 
700 1 |a Kastlerová, Sylvia 
710 2 |a Fakulta hospodárskej informatiky EU. Katedra účtovníctva a audítorstva